[Event "X Open"]
[Site "Crema ITA"]
[Date "2008.09.05"]
[Round "2"]
[White "Maddaloni, Giovanni"]
[Black "Mussap, Angelo"]
[Result "0-1"]
[WhiteElo "1833"]
[BlackElo "2056"]
[PlyCount "56"]
[EventDate "2008.09.05"]

1. e4 d5 2. exd5 Qxd5 3. Nc3 Qa5 4. d4 c6 5. Bc4 Bf5 6. Nge2 e6 7. O-O Nf6 8.
Bd2 Qc7 9. Bf4 Bd6 10. Bg3 Nbd7 11. a3 O-O 12. Bd3 Bg4 13. Qd2 h6 14. h3 Bh5
15. Rad1 Rad8 16. Bxd6 Qxd6 17. g4 Bg6 18. Bxg6 fxg6 19. Rfe1 Nh7 20. Ne4 Qc7
21. Qe3 Rde8 22. Qg3 e5 23. Qb3+ Kh8 24. d5 Nhf6 25. d6 Qd8 26. N2g3 b6 27. Rd3
Nd5 28. Rxd5 cxd5 0-1

[Event "X Open"]
[Site "Crema ITA"]
[Date "2008.09.05"]
[Round "2"]
[White "Mandotti, Marco"]
[Black "Frugoni, Giulio"]
[Result "0-1"]
[WhiteElo "1386"]
[BlackElo "1559"]
[PlyCount "54"]
[EventDate "2008.09.05"]

1. e4 Nf6 2. e5 Nd5 3. d4 e6 4. Nf3 c5 5. c4 Nb6 6. d5 exd5 7. cxd5 d6 8. Nc3
dxe5 9. Nxe5 Bd6 10. Nf3 O-O 11. Be2 Bg4 12. O-O a6 13. b3 Qc7 14. g3 Re8 15.
Bb2 Qe7 16. Bd3 Qf6 17. Kg2 N8d7 18. Rb1 Ne5 19. Be4 Qh6 20. h4 f5 21. Bc1 Qh5
22. Qd2 Bxf3+ 23. Bxf3 Qxf3+ 24. Kh3 Ng4 25. Bb2 f4 26. Rbd1 fxg3 27. fxg3
Qxg3# 0-1

[Event "X Open"]
[Site "Crema ITA"]
[Date "2008.09.05"]
[Round "2"]
[White "Mansueti, Marco"]
[Black "Galli, Fabrizio"]
[Result "1-0"]
[WhiteElo "1745"]
[BlackElo "1463"]
[PlyCount "67"]
[EventDate "2008.09.05"]

1. d4 d5 2. Bf4 c6 3. Nf3 Nf6 4. e3 Bf5 5. Bd3 Bg4 6. h3 Bh5 7. Nbd2 e6 8. c3
Bd6 9. Bxd6 Qxd6 10. Qc2 Nbd7 11. g4 Bg6 12. Bxg6 hxg6 13. O-O-O c5 14. g5 Nh5
15. dxc5 Qxc5 16. Nb3 Qc7 17. Kb1 a5 18. Nbd4 Ke7 19. Nb5 Qc5 20. a4 Nb6 21.
Ne5 Rac8 22. Rd4 Rhf8 23. Nd3 Qc6 24. Na7 Qc7 25. Nxc8+ Rxc8 26. Nf4 Nc4 27.
Rhd1 Qb6 28. Ka2 Qc5 29. Nd3 Qd6 30. e4 f5 31. exd5 e5 32. Re1 Kd7 33. Rxc4
Rxc4 34. Nxe5+ 1-0

[Event "X Open"]
[Site "Crema ITA"]
[Date "2008.09.05"]
[Round "2"]
[White "Orlandi, Stefano"]
[Black "Pisani, Valerio"]
[Result "1-0"]
[WhiteElo "1962"]
[BlackElo "1707"]
[PlyCount "85"]
[EventDate "2008.09.05"]

1. e4 Nf6 2. e5 Nd5 3. d4 d6 4. f4 g6 5. Nf3 Bg4 6. c3 Bg7 7. Bd3 O-O 8. O-O
Nc6 9. h3 Bxf3 10. Qxf3 e6 11. Nd2 a6 12. Ne4 Qd7 13. Bd2 b5 14. g4 Nce7 15.
Ng3 Rad8 16. Rae1 dxe5 17. fxe5 c5 18. Ne4 cxd4 19. Nf6+ Bxf6 20. exf6 Nc6 21.
c4 Nc7 22. Qf4 Kh8 23. cxb5 axb5 24. Rc1 Nd5 25. Qh6 Rg8 26. Bxb5 Qd6 27. Bxc6
Qg3+ 28. Kh1 Ne3 29. Bxe3 dxe3 30. Rf3 Qe5 31. Qxe3 Qxb2 32. Rf2 Qb4 33. Rfc2
Rd6 34. Bg2 Rgd8 35. Rc8 Qb2 36. a4 Qxf6 37. Rxd8+ Qxd8 38. Qc3+ Kg8 39. Qc8
Kf8 40. Qxd8+ Rxd8 41. a5 Rd7 42. a6 Ke7 43. Bb7 1-0

[Event "X Open"]
[Site "Crema ITA"]
[Date "2008.09.05"]
[Round "2"]
[White "Potenza, Gaetano"]
[Black "Masotti, Roberto"]
[Result "1-0"]
[WhiteElo "1668"]
[BlackElo "1954"]
[PlyCount "55"]
[EventDate "2008.09.05"]

1. e4 Nf6 2. e5 Nd5 3. d4 d6 4. f4 dxe5 5. fxe5 Nc6 6. Nf3 Bg4 7. Be2 e6 8. O-O
Be7 9. c4 Nb6 10. Be3 O-O 11. Nc3 f6 12. b3 fxe5 13. Nxe5 Rxf1+ 14. Qxf1 Nxe5
15. dxe5 Bf5 16. Rd1 Qf8 17. Nb5 Bc5 18. Qf2 Bxe3 19. Qxe3 Qe7 20. Bf3 c6 21.
Nd6 Bg6 22. Rd2 Rd8 23. a4 Qc7 24. Bg4 Bf7 25. Rf2 Rxd6 26. exd6 Qxd6 27. c5
Nd5 28. cxd6 1-0

[Event "X Open"]
[Site "Crema ITA"]
[Date "2008.09.05"]
[Round "2"]
[White "Ranzato, Paolo"]
[Black "Martino, Antonio M."]
[Result "1/2-1/2"]
[WhiteElo "1801"]
[BlackElo "2007"]
[PlyCount "49"]
[EventDate "2008.09.05"]

1. f4 d5 2. Nf3 c5 3. e3 Nc6 4. Bb5 Bd7 5. Bxc6 Bxc6 6. d3 Nf6 7. Ne5 Qc7 8.
Nd2 e6 9. Ndf3 Bd6 10. O-O O-O 11. Qe1 Nd7 12. Nxc6 Qxc6 13. Qh4 Rae8 14. e4
Be7 15. exd5 exd5 16. Qh3 Bf6 17. g4 Re2 18. g5 Bd4+ 19. Kh1 Rfe8 20. g6 fxg6
21. f5 gxf5 22. Qxf5 Bf6 23. Bg5 Bxg5 24. Nxg5 d4+ 25. Ne4 1/2-1/2

[Event "X Open"]
[Site "Crema ITA"]
[Date "2008.09.05"]
[Round "2"]
[White "Saba, Marco"]
[Black "Ninov, Nikolai Ivanov"]
[Result "0-1"]
[WhiteElo "1921"]
[BlackElo "2515"]
[PlyCount "80"]
[EventDate "2008.09.05"]

1. e4 c5 2. Nf3 Nf6 3. Nc3 d5 4. Bb5+ Bd7 5. Bxd7+ Qxd7 6. exd5 Nxd5 7. Nxd5
Qxd5 8. O-O Nc6 9. d3 g6 10. Bd2 Bg7 11. Bc3 e5 12. Qe2 O-O 13. Qe4 Qxe4 14.
dxe4 Nd4 15. Bxd4 cxd4 16. Ne1 Rac8 17. Rd1 f5 18. f3 Bh6 19. g3 Be3+ 20. Kg2
fxe4 21. fxe4 Rxf1 22. Kxf1 Rf8+ 23. Kg2 Rf2+ 24. Kh1 g5 25. Nd3 Rxc2 26. Rb1
h5 27. Nxe5 b5 28. h3 Bf2 29. Nf3 d3 30. Ne5 d2 31. Nd3 Be3 32. Rd1 Rc1 33.
Nxc1 dxc1=Q 34. Rxc1 Bxc1 35. b3 Kf7 36. g4 h4 37. Kg2 Ke6 38. Kf3 Ke5 39. a4
bxa4 40. bxa4 a5 0-1

[Event "X Open"]
[Site "Crema ITA"]
[Date "2008.09.05"]
[Round "2"]
[White "Scarabelli, Maurizio"]
[Black "Cervini, Ernesto"]
[Result "1/2-1/2"]
[WhiteElo "1927"]
[BlackElo "1494"]
[PlyCount "24"]
[EventDate "2008.09.05"]

1. e4 c5 2. Nf3 Nc6 3. d4 cxd4 4. Nxd4 e6 5. Be3 Nf6 6. Bd3 Be7 7. Nc3 a6 8. f3
d6 9. Qd2 Bd7 10. a3 Nxd4 11. Bxd4 b5 12. O-O O-O 1/2-1/2

[Event "X Open"]
[Site "Crema ITA"]
[Date "2008.09.05"]
[Round "2"]
[White "Sperli', Maurizio"]
[Black "Madaschi, Sergio"]
[Result "0-1"]
[WhiteElo "1434"]
[BlackElo "1595"]
[PlyCount "76"]
[EventDate "2008.09.05"]

1. e4 e5 2. f4 exf4 3. Bc4 d6 4. Nf3 h6 5. h4 Be6 6. Bb3 Nf6 7. Nc3 Nh5 8. Bxe6
fxe6 9. Nd4 Ng3 10. Qg4 Qf6 11. Nxe6 Na6 12. Nxc7+ Nxc7 13. Rg1 h5 14. Qf3 Qxh4
15. d3 g5 16. Bd2 Nxe4+ 17. g3 Nxg3 18. O-O-O O-O-O 19. Nd5 Nxd5 20. Qxd5 Ne2+
21. Kb1 Nxg1 22. Rxg1 Bh6 23. Ba5 Rd7 24. Qc4+ Kb8 25. Qb5 Rdh7 26. Re1 Rc8 27.
a4 Qf2 28. Re8 Qxc2+ 29. Ka1 Rh8 30. Re7 Qc6 31. Qb3 f3 32. Bc3 Rhg8 33. Bd4 g4
34. a5 g3 35. Rf7 f2 36. Bxf2 gxf2 37. Rxf2 Rg1+ 38. Ka2 Qc5 0-1

[Event "X Open"]
[Site "Crema ITA"]
[Date "2008.09.05"]
[Round "2"]
[White "Tagliaferri, Valerio"]
[Black "Panjkovic, Aleksandar"]
[Result "1/2-1/2"]
[WhiteElo "1917"]
[BlackElo "2148"]
[PlyCount "50"]
[EventDate "2008.09.05"]

1. e4 d5 2. exd5 Qxd5 3. d4 Nc6 4. Nf3 Bg4 5. Nc3 Qf5 6. Bd3 Bxf3 7. Bxf5 Bxd1
8. Nb5 e6 9. Nxc7+ Kd7 10. Nxa8 exf5 11. Kxd1 Nf6 12. Be3 Nd5 13. c4 Nxe3+ 14.
fxe3 Be7 15. Rf1 g6 16. g4 Rxa8 17. gxf5 gxf5 18. Rxf5 Rg8 19. Ke2 f6 20. a3
Rg4 21. Raf1 h6 22. b4 Rg2+ 23. R1f2 Rg1 24. Rf1 Rg2+ 25. R1f2 Rg5 1/2-1/2

[Event "X Open"]
[Site "Crema ITA"]
[Date "2008.09.05"]
[Round "2"]
[White "Tedoldi, Guido"]
[Black "Bonassi, Tommaso"]
[Result "0-1"]
[WhiteElo "1449"]
[BlackElo "1695"]
[PlyCount "88"]
[EventDate "2008.09.05"]

1. c4 c5 2. Nc3 Nc6 3. Nf3 g6 4. d3 Bg7 5. Bg5 Nf6 6. e3 O-O 7. Be2 Re8 8. O-O
e6 9. Re1 d5 10. cxd5 exd5 11. d4 c4 12. b3 Qa5 13. Qc1 Be6 14. bxc4 dxc4 15.
Bxf6 Bxf6 16. Ne4 Be7 17. Bxc4 Bxc4 18. Qxc4 Rac8 19. Qb3 Qf5 20. Nc5 Na5 21.
Qb5 b6 22. Rac1 Nc6 23. e4 Qh5 24. d5 Bxc5 25. Rxc5 bxc5 26. dxc6 Re6 27. Qb7
Rexc6 28. Qxa7 R6c7 29. Qb6 c4 30. Rd1 Qc5 31. Qf6 Qe7 32. Qd4 Re8 33. e5 c3
34. Rc1 Qa3 35. Rc2 Rb8 36. h3 Qc5 37. Qd3 Rcc8 38. Nd4 Rb1+ 39. Kh2 Qxe5+ 40.
g3 Qd5 41. f3 Rb2 42. Qa6 Rxc2+ 43. Nxc2 Qd2+ 44. Kg1 Qd1+ 0-1

[Event "X Open"]
[Site "Crema ITA"]
[Date "2008.09.05"]
[Round "2"]
[White "Vishanji, Adrian"]
[Black "Acunzo, Domenico"]
[Result "1-0"]
[WhiteElo "1974"]
[BlackElo "1787"]
[PlyCount "87"]
[EventDate "2008.09.05"]

1. e4 e6 2. d4 d5 3. Nc3 Bb4 4. e5 c5 5. a3 Bxc3+ 6. bxc3 Ne7 7. Qg4 O-O 8. Bd3
Nbc6 9. Bg5 Qa5 10. Bd2 c4 11. Be2 Qa4 12. Bd1 f5 13. Qg5 Bd7 14. Ne2 Qb5 15.
Bc1 Ng6 16. h4 f4 17. h5 Rf5 18. Qg4 Ngxe5 19. dxe5 Nxe5 20. Qh3 Nc6 21. Nxf4
e5 22. Bg4 exf4 23. Bxf5 Re8+ 24. Kf1 Bxf5 25. Qxf5 Rf8 26. Qe6+ Kh8 27. h6 Qc5
28. hxg7+ Kxg7 29. Qh6+ Kf7 30. Bxf4 Ke8 31. Re1+ Kd8 32. Qd6+ Qxd6 33. Bxd6
Rf7 34. Rh5 d4 35. cxd4 Nxd4 36. c3 Nc2 37. Re2 Na1 38. Rhe5 Nb3 39. Re8+ Kd7
40. R8e7+ Rxe7 41. Bxe7 Nc1 42. Re4 Nd3 43. Bb4 b5 44. Re7+ 1-0

[Event "X Open"]
[Site "Crema ITA"]
[Date "2008.09.05"]
[Round "2"]
[White "Vuckovic, Dimitrije"]
[Black "Cecchini, Massimo S."]
[Result "0-1"]
[WhiteElo "1500"]
[BlackElo "1762"]
[PlyCount "78"]
[EventDate "2008.09.05"]

1. d4 d5 2. c4 c6 3. Nc3 Nf6 4. Nf3 a6 5. Qc2 Bg4 6. Ne5 Nbd7 7. cxd5 Nxe5 8.
dxe5 Nxd5 9. Nxd5 cxd5 10. Bf4 Rc8 11. Qa4+ Bd7 12. Qb3 Bc6 13. Bd2 g6 14. e3
Bg7 15. f4 O-O 16. Be2 Qd7 17. Qd1 Rfd8 18. O-O d4 19. Kh1 dxe3 20. Bxe3 Qh3
21. Bf3 Rxd1 22. gxh3 Rxa1 23. Rxa1 Bxf3+ 24. Kg1 Rc2 25. b3 e6 26. a4 Bf8 27.
Bd4 Bb4 28. Rb1 Rd2 29. Bf2 Rd1+ 30. Rxd1 Bxd1 31. Bb6 Bd2 32. b4 Bxa4 33. Bc5
Bxf4 34. Bd6 Kg7 35. Kg2 g5 36. Bc7 Kg6 37. Bd6 Kf5 38. h4 g4 39. h3 Bc6+ 0-1

[Event "X Open"]
[Site "Crema ITA"]
[Date "2008.09.06"]
[Round "3"]
[White "Arbore, Daniele"]
[Black "Tedoldi, Guido"]
[Result "0-1"]
[WhiteElo "1374"]
[BlackElo "1449"]
[PlyCount "30"]
[EventDate "2008.09.05"]

1. e4 c5 2. Nf3 d6 3. b3 Nc6 4. Bb2 Bg4 5. d3 e5 6. Nbd2 Nf6 7. Be2 Be7 8. c4
O-O 9. Qc2 Nh5 10. h3 Bxf3 11. Bxf3 Nf4 12. g3 Nb4 13. Qc3 Nfxd3+ 14. Kd1 Nxf2+
15. Ke2 Nxh1 0-1

[Event "X Open"]
[Site "Crema ITA"]
[Date "2008.09.06"]
[Round "3"]
[White "Bastianello, Federico"]
[Black "Maccarini, Luca Nicola"]
[Result "0-1"]
[WhiteElo "1455"]
[BlackElo "1920"]
[PlyCount "98"]
[EventDate "2008.09.05"]

1. Nf3 Nf6 2. g3 d5 3. Bg2 c6 4. O-O e6 5. d3 Be7 6. b3 O-O 7. Bb2 Nbd7 8. Nbd2
Rb8 9. c4 Re8 10. e4 dxe4 11. dxe4 Nc5 12. Qc2 Qd3 13. Qxd3 Nxd3 14. Bc3 Ng4
15. h3 Ngxf2 16. Rxf2 Bc5 17. Bd4 Bxd4 18. Nxd4 Nxf2 19. Kxf2 e5 20. N4f3 f6
21. g4 Be6 22. Bf1 c5 23. Rd1 Red8 24. Ke1 h5 25. gxh5 Bf7 26. Be2 Bxh5 27. Ng1
Bxe2 28. Kxe2 Kf7 29. Nb1 Rd4 30. Nc3 Rh8 31. Nb5 Rxe4+ 32. Kf3 Rf4+ 33. Kg3
Rh6 34. Nd6+ Ke6 35. Nxb7 Rg6+ 36. Kh2 Rf2+ 37. Kh1 e4 38. Nxc5+ Kf5 39. Rd5+
Kf4 40. Rd4 f5 41. Nd3+ Ke3 42. Nxf2 Kxd4 43. Nd1 Kd3 44. Nb2+ Kc2 45. Na4 Kd2
46. Nc5 Rxg1+ 47. Kxg1 e3 48. b4 e2 49. Nb3+ Kd1 0-1

[Event "X Open"]
[Site "Crema ITA"]
[Date "2008.09.06"]
[Round "3"]
[White "Bastianello, Tito"]
[Black "Guzzetti, Luigi Enrico"]
[Result "1-0"]
[WhiteElo "1494"]
[BlackElo "1739"]
[PlyCount "51"]
[EventDate "2008.09.05"]

1. e4 c5 2. c3 e6 3. d4 d5 4. e5 Nc6 5. f4 Qb6 6. Nf3 Bd7 7. Be2 cxd4 8. cxd4
Bb4+ 9. Nc3 Nh6 10. a3 Be7 11. O-O Nf5 12. Na4 Qc7 13. b4 O-O 14. Nc5 f6 15. g4
Nh6 16. exf6 Bxc5 17. fxg7 Bxd4+ 18. Nxd4 Rf7 19. f5 Nxd4 20. Qxd4 e5 21. Qxd5
Bc6 22. Qc5 Kxg7 23. f6+ Kg6 24. Bd3+ Nf5 25. Bxf5+ Kxf6 26. Bh6 1-0

[Event "X Open"]
[Site "Crema ITA"]
[Date "2008.09.06"]
[Round "3"]
[White "Bertoletti, Vincenzo"]
[Black "Kljunic, Brane"]
[Result "0-1"]
[WhiteElo "1466"]
[BlackElo "1527"]
[PlyCount "84"]
[EventDate "2008.09.05"]

1. d4 d5 2. c4 Nf6 3. Nc3 e6 4. Bg5 c6 5. Nf3 Be7 6. e3 Nbd7 7. Bd3 Nb6 8. c5
Nbd7 9. O-O b6 10. b4 a5 11. Qa4 Bb7 12. b5 cxb5 13. Nxb5 bxc5 14. Rac1 c4 15.
Bc2 Bc6 16. Nd6+ Bxd6 17. Qxc6 Be7 18. Bxf6 Bxf6 19. Ba4 Rc8 20. Qd6 Be7 21.
Qf4 O-O 22. Rb1 Nb6 23. Bc2 c3 24. Rb3 a4 25. Rb5 a3 26. Rfb1 Nc4 27. R1b3 Nd6
28. Rb6 Ne4 29. Rb7 Nd2 30. R3b5 Qd6 31. Ne5 f6 32. R7b6 fxe5 33. Qxf8+ Bxf8
34. Rxd6 Bxd6 35. Rb6 Bc7 36. Rxe6 exd4 37. exd4 Rb8 38. Rc6 Ba5 39. Rc5 Rb2
40. Bf5 Rxa2 41. Be6+ Kf8 42. Bxd5 Ra1# 0-1

[Event "X Open"]
[Site "Crema ITA"]
[Date "2008.09.06"]
[Round "3"]
[White "Biava, Pierluigi"]
[Black "Balzano, Filli"]
[Result "1/2-1/2"]
[WhiteElo "1872"]
[BlackElo "1605"]
[PlyCount "134"]
[EventDate "2008.09.05"]

1. e4 c6 2. c4 d5 3. exd5 cxd5 4. d4 Nf6 5. Nc3 Bf5 6. Nf3 e6 7. c5 h6 8. Qa4+
Nc6 9. Bb5 Qc7 10. Ne5 Rc8 11. Qxa7 Nd7 12. Nxc6 bxc6 13. Qxc7 Rxc7 14. Bf4 e5
15. dxe5 cxb5 16. e6 Rxc5 17. exd7+ Bxd7 18. O-O Be7 19. Rfe1 Be6 20. Be3 Rc4
21. Nxb5 O-O 22. b3 Rcc8 23. Nd4 Bf6 24. Rac1 Bxd4 25. Bxd4 Rfe8 26. f3 Ra8 27.
a4 Rab8 28. Re3 Rb4 29. Rd1 Reb8 30. a5 Ra8 31. Bb6 Ra6 32. Kf2 d4 33. Red3
Bxb3 34. Rb1 Bc2 35. Rxb4 Bxd3 36. Rxd4 Bb5 37. Rd8+ Kh7 38. Ke3 Kg6 39. g4 Kf6
40. Rd5 Bc4 41. Rc5 Bf1 42. h4 Ke6 43. Kd4 Bg2 44. f4 Bf1 45. f5+ Kd7 46. Rc7+
Ke8 47. Ke5 Ra8 48. f6 g6 49. Re7+ Kf8 50. Kd6 Kg8 51. Kc5 Bd3 52. Bc7 Kf8 53.
Rd7 Be2 54. g5 h5 55. Rd8+ Rxd8 56. Bxd8 Ke8 57. Be7 Kd7 58. Kb6 Bf3 59. a6 Bg2
60. Ka7 Kc7 61. Bc5 Bf3 62. Bb6+ Kc8 63. Ba5 Bg2 64. Kb6 Bf3 65. Kc5 Kb8 66.
Bb6 Bg2 67. Kd6 Bf3 1/2-1/2

[Event "X Open"]
[Site "Crema ITA"]
[Date "2008.09.06"]
[Round "3"]
[White "Bonade', Massimo"]
[Black "Barucco, Mattia"]
[Result "1-0"]
[WhiteElo "2110"]
[BlackElo "2029"]
[PlyCount "105"]
[EventDate "2008.09.05"]

1. d4 Nf6 2. c4 g6 3. Nc3 Bg7 4. e4 e6 5. Be2 O-O 6. Nf3 e5 7. Be3 exd4 8. Nxd4
Re8 9. f3 c6 10. Qd2 d5 11. exd5 cxd5 12. O-O Nc6 13. Rfd1 dxc4 14. Nxc6 Qxd2
15. Bxd2 bxc6 16. Bxc4 Rb8 17. Bb3 Nd7 18. Bf4 Rb4 19. Bd6 Bd4+ 20. Kh1 c5 21.
Nd5 Bxb2 22. Rab1 Ba3 23. Nxb4 Bxb4 24. Ba4 Re2 25. Bf4 Re7 26. Bg5 f6 27. Bxd7
Rxd7 28. Bxf6 Rxd1+ 29. Rxd1 Be6 30. Rd8+ Kf7 31. Bb2 Ke7 32. Ra8 a5 33. a3 Bd2
34. Ra7+ Kd6 35. f4 Bxf4 36. Rxa5 Bd2 37. Ra6+ Kd5 38. Ra8 Kd6 39. a4 c4 40.
Ba3+ Kc7 41. Ra7+ Kb6 42. Rxh7 Ba5 43. Re7 Bf5 44. Kg1 c3 45. Kf2 c2 46. Ke2
Kc6 47. h3 Bd8 48. Re5 Bg5 49. Rc5+ Kb6 50. a5+ Ka6 51. g4 c1=Q 52. Bxc1 Bxc1
53. gxf5 1-0

[Event "X Open"]
[Site "Crema ITA"]
[Date "2008.09.06"]
[Round "3"]
[White "Bonassi, Tommaso"]
[Black "Bonade', Giacomo"]
[Result "1-0"]
[WhiteElo "1695"]
[BlackElo "1847"]
[PlyCount "77"]
[EventDate "2008.09.05"]

1. e4 Nf6 2. e5 Nd5 3. d4 d6 4. c4 Nb6 5. f4 dxe5 6. fxe5 Nc6 7. Be3 Bf5 8. a3
a5 9. Nc3 e6 10. Nf3 Bg4 11. Qd2 Be7 12. O-O-O O-O 13. Bd3 g6 14. Qf2 Bxf3 15.
gxf3 Bg5 16. Bxg5 Qxg5+ 17. f4 Qe7 18. Ne4 f5 19. exf6 Rxf6 20. Nxf6+ Qxf6 21.
h4 h5 22. Bxg6 Rf8 23. Rhg1 Kh8 24. Qe2 Qxf4+ 25. Rd2 Qf3 26. Qxf3 Rxf3 27.
Bxh5 Rf4 28. Rdg2 Ne7 29. Rg7 Nbc8 30. Bf7 Nd6 31. Bxe6 Ndf5 32. Bxf5 Nxf5 33.
Rxc7 Nxd4 34. Re1 Rf8 35. Rxb7 Rc8 36. Kb1 Nf3 37. Ree7 Nd2+ 38. Ka2 Nxc4 39.
Rbc7 1-0

[Event "X Open"]
[Site "Crema ITA"]
[Date "2008.09.06"]
[Round "3"]
[White "Bongiorni, Gabriele"]
[Black "Calabrese, Maurizio"]
[Result "1-0"]
[WhiteElo "1813"]
[BlackElo "1588"]
[PlyCount "53"]
[EventDate "2008.09.05"]

1. d4 Nf6 2. c4 e6 3. g3 c6 4. Bg2 Bb4+ 5. Bd2 Be7 6. e4 d5 7. e5 Ne4 8. Qg4
Nxd2 9. Qxg7 Rf8 10. Nxd2 dxc4 11. Ne2 c5 12. Nxc4 cxd4 13. O-O Nc6 14. Rfd1
Qc7 15. Rac1 Bd7 16. Nxd4 O-O-O 17. Nb5 Qb8 18. Qxh7 Qa8 19. Qd3 Kb8 20. Qb3
Bc8 21. Bxc6 Rxd1+ 22. Rxd1 bxc6 23. Nbd6+ Bb7 24. Na5 Bxd6 25. Rxd6 Kc7 26.
Qd3 Rd8 27. Nxb7 1-0

[Event "X Open"]
[Site "Crema ITA"]
[Date "2008.09.06"]
[Round "3"]
[White "Cattaneo, Dario"]
[Black "Sperli', Maurizio"]
[Result "0-1"]
[WhiteElo "1517"]
[BlackElo "1434"]
[PlyCount "140"]
[EventDate "2008.09.05"]

1. d4 d5 2. c4 c6 3. cxd5 cxd5 4. Nf3 Nf6 5. Bg5 Ne4 6. Bd2 e6 7. e3 Nc6 8. Bb5
Qb6 9. Qa4 Bd7 10. Ba5 Qxa5+ 11. Qxa5 Nxa5 12. Bxd7+ Kxd7 13. Ne5+ Ke7 14. f3
f6 15. Nd3 Nd6 16. Nd2 Nac4 17. Ke2 b6 18. Rac1 Kd7 19. Rc2 Nxd2 20. Rxd2 Rc8
21. b3 a5 22. Rb1 Nb5 23. Kf2 Bd6 24. b4 a4 25. Rdb2 Rc7 26. Nc5+ bxc5 27. bxc5
Bxc5 28. Rxb5 Bd6 29. e4 dxe4 30. fxe4 Rhc8 31. Ke3 Rc3+ 32. Ke2 Bxh2 33. d5 e5
34. Rb7+ R8c7 35. R7b2 a3 36. Rb6 Bf4 37. Rd1 Rc2+ 38. Kf3 h5 39. Rd3 g5 40. g4
hxg4+ 41. Kxg4 Rg2+ 42. Kf5 Rf2 43. Kg4 Rxa2 44. Rxf6 Rac2 45. Rxa3 Kc8 46.
Rf8+ Kb7 47. Rb3+ Ka7 48. Ra3+ Kb6 49. Rb8+ Kc5 50. Ra5+ Kd4 51. Ra4+ R2c4 52.
Rbb4 Rxb4 53. Rxb4+ Kc5 54. Rb2 Rd7 55. Rb8 Kd4 56. Rb4+ Ke3 57. Kf5 Rd6 58.
Rc4 Rd8 59. Ke6 Kd3 60. Ra4 g4 61. d6 g3 62. Ra3+ Kxe4 63. d7 g2 64. Ra4+ Kf3
65. Ra1 Kf2 66. Ra2+ Kg3 67. Ra3+ Kh2 68. Ra2 Kh1 69. Ke7 Rh8 70. d8=Q Rxd8 0-1

[Event "X Open"]
[Site "Crema ITA"]
[Date "2008.09.06"]
[Round "3"]
[White "Cautiero, Pietro"]
[Black "Marchesotti, Giovanni"]
[Result "1/2-1/2"]
[WhiteElo "1900"]
[BlackElo "1675"]
[PlyCount "36"]
[EventDate "2008.09.05"]

1. e4 c5 2. f4 e6 3. Nf3 Nf6 4. Nc3 a6 5. e5 Nd5 6. Nxd5 exd5 7. d4 d6 8. exd6
Bxd6 9. Qe2+ Qe7 10. Qxe7+ Bxe7 11. dxc5 Bxc5 12. Bd2 Nc6 13. O-O-O Be6 14. Bd3
O-O-O 15. f5 Bd7 16. a3 f6 17. Rde1 Rde8 18. g4 Ne5 1/2-1/2

[Event "X Open"]
[Site "Crema ITA"]
[Date "2008.09.06"]
[Round "3"]
[White "Cecchini, Massimo S."]
[Black "Folcini, Gaddo"]
[Result "1-0"]
[WhiteElo "1762"]
[BlackElo "1516"]
[PlyCount "91"]
[EventDate "2008.09.05"]

1. d4 e5 2. dxe5 Nc6 3. Nf3 d5 4. Bf4 Bg4 5. Nbd2 Bc5 6. c3 Nge7 7. h3 Bh5 8.
e3 Ng6 9. Bh2 Ngxe5 10. Bxe5 Nxe5 11. Qa4+ Nd7 12. g4 Bg6 13. Ne5 c6 14. Nxg6
fxg6 15. Nf3 O-O 16. Be2 Qe7 17. Nd4 Rxf2 18. Kxf2 Qh4+ 19. Kg2 Bd6 20. Nf3
Qg3+ 21. Kf1 Rf8 22. Qd1 Ne5 23. Rg1 Qxh3+ 24. Ke1 Nxf3+ 25. Bxf3 Rxf3 26. Kd2
Rxe3 27. Qf1 Qh6 28. g5 Qh2+ 29. Kxe3 Qxb2 30. Kd3 c5 31. Qe1 c4+ 32. Ke3 Qh2
33. Rf1 Bc5+ 34. Kf3 Qh5+ 35. Kg2 Qxg5+ 36. Qg3 Qd2+ 37. Kh1 Qh6+ 38. Qh2 d4
39. Qxh6 gxh6 40. cxd4 Bxd4 41. Rad1 Bb2 42. Rd8+ Kg7 43. Rd7+ Kg8 44. Rxb7 c3
45. Rxa7 c2 46. Rc7 1-0

[Event "X Open"]
[Site "Crema ITA"]
[Date "2008.09.06"]
[Round "3"]
[White "Cervini, Ernesto"]
[Black "Castrogiovanni, Carlo"]
[Result "0-1"]
[WhiteElo "1494"]
[BlackElo "2055"]
[PlyCount "64"]
[EventDate "2008.09.05"]

1. e4 c5 2. Nf3 a6 3. d4 cxd4 4. Nxd4 Nf6 5. Nc3 e5 6. Nb3 Bb4 7. Bg5 d6 8. a3
Bxc3+ 9. bxc3 h6 10. Bxf6 Qxf6 11. Nd2 Be6 12. Bc4 Nd7 13. a4 O-O 14. O-O Rac8
15. Bxe6 Qxe6 16. c4 Nb6 17. Rb1 Rc6 18. a5 Nxc4 19. Nxc4 Qxc4 20. Rxb7 Qxe4
21. Rd7 Qb4 22. Qd5 Rxc2 23. h3 Rd2 24. Qc6 Qxa5 25. Rxd6 Rxd6 26. Qxd6 Qb5 27.
Re1 Re8 28. Rc1 a5 29. Rc5 Qb4 30. Qc6 Rd8 31. Rd5 Rxd5 32. Qxd5 e4 0-1

[Event "X Open"]
[Site "Crema ITA"]
[Date "2008.09.06"]
[Round "3"]
[White "Della Ragione, Achille"]
[Black "Tagliaferri, Valerio"]
[Result "1-0"]
[WhiteElo "2033"]
[BlackElo "1917"]
[PlyCount "87"]
[EventDate "2008.09.05"]

1. c4 Nf6 2. Nc3 c6 3. d3 d5 4. Bg5 Bg4 5. Qb3 Qd7 6. Bxf6 dxc4 7. dxc4 exf6 8.
Rd1 Qc7 9. Nf3 Bc5 10. e3 Nd7 11. Be2 O-O 12. O-O Ne5 13. Nd4 Bxd4 14. exd4
Bxe2 15. Nxe2 Ng4 16. Qg3 Qxg3 17. Nxg3 g6 18. h3 Nh6 19. Rfe1 Rfe8 20. Re3 f5
21. d5 Rxe3 22. fxe3 Rd8 23. e4 fxe4 24. Nxe4 f5 25. Nc3 cxd5 26. Rxd5 Rxd5 27.
cxd5 Kf8 28. Kf2 Ke7 29. Ke3 Kd6 30. Kd4 a6 31. Na4 Nf7 32. b3 g5 33. Nc5 Kc7
34. b4 h6 35. a4 Kb6 36. Nd7+ Kc7 37. Ne5 Nd8 38. Ng6 Kd6 39. Ne5 h5 40. Nc4+
Ke7 41. Ke5 f4 42. Kf5 Nf7 43. Kg6 h4 44. Kf5 1-0

[Event "X Open"]
[Site "Crema ITA"]
[Date "2008.09.06"]
[Round "3"]
[White "Frugoni, Giulio"]
[Black "Mansueti, Marco"]
[Result "0-1"]
[WhiteElo "1559"]
[BlackElo "1745"]
[PlyCount "80"]
[EventDate "2008.09.05"]

1. Nf3 d5 2. d4 Nf6 3. c4 c6 4. Nc3 dxc4 5. e4 b5 6. a3 Nbd7 7. Be2 e6 8. O-O
Be7 9. Bf4 Bb7 10. Qc2 O-O 11. Rad1 a6 12. Ng5 Nh5 13. Nxh7 Nxf4 14. Nxf8 Bxf8
15. g3 Nxe2+ 16. Nxe2 Qf6 17. f4 c5 18. d5 exd5 19. exd5 Nb6 20. Nc3 Rd8 21.
Ne4 Qf5 22. Rf2 Nxd5 23. Ng5 Qxc2 24. Rxc2 Be7 25. Rcd2 Bf6 26. Nf3 c3 27. bxc3
Bxc3 28. Rd3 b4 29. axb4 cxb4 30. Kf2 a5 31. Ne1 Bxe1+ 32. Kxe1 Re8+ 33. Kf2
Nc3 34. Re1 Rxe1 35. Kxe1 Kf8 36. Rd8+ Ke7 37. Rb8 Bd5 38. Rb6 Kd7 39. Rb8 Kc7
40. Rh8 b3 0-1

[Event "X Open"]
[Site "Crema ITA"]
[Date "2008.09.06"]
[Round "3"]
[White "Gerundino, Nicola"]
[Black "Fizzotti, Mario"]
[Result "1-0"]
[WhiteElo "1964"]
[BlackElo "1837"]
[PlyCount "77"]
[EventDate "2008.09.05"]

1. e4 e5 2. Nf3 Nf6 3. Nxe5 d6 4. Nf3 Nxe4 5. Nc3 Nxc3 6. bxc3 Be7 7. d4 O-O 8.
Bd3 Bf6 9. O-O c5 10. h3 Nc6 11. Bf4 d5 12. Bb5 Qa5 13. Bxc6 bxc6 14. Bd6 Re8
15. Bxc5 Qxc3 16. Rb1 Bf5 17. Ne1 Rab8 18. Rb3 Qc4 19. Bxa7 Ra8 20. Bc5 Rxa2
21. Qb1 Raa8 22. Rb4 Qa6 23. Nf3 Qe2 24. Re1 Qxc2 25. Qxc2 Bxc2 26. Rc1 Ra2 27.
Kh2 g6 28. Re1 Rxe1 29. Rb8+ Bd8 30. Rxd8+ Kg7 31. Nxe1 Be4 32. Kg3 h5 33. Nf3
Rb2 34. Bf8+ Kf6 35. Rd6+ Kf5 36. Bg7 h4+ 37. Nxh4+ Kg5 38. Rxc6 Rb3+ 39. Nf3+
1-0

[Event "X Open"]
[Site "Crema ITA"]
[Date "2008.09.06"]
[Round "3"]
[White "Giassi, Roberto"]
[Black "Mandotti, Marco"]
[Result "1-0"]
[WhiteElo "1461"]
[BlackElo "1386"]
[PlyCount "57"]
[EventDate "2008.09.05"]

1. e4 e5 2. Nf3 Nc6 3. Bb5 a6 4. Ba4 Nf6 5. O-O Be7 6. d4 b5 7. Bb3 Bb7 8. Ng5
d5 9. dxe5 Nxe5 10. Bf4 Nc4 11. a4 Nxb2 12. Qd4 Nc4 13. axb5 axb5 14. Nc3 Rxa1
15. Rxa1 c6 16. Ra7 Ba8 17. exd5 c5 18. Qd1 Nd6 19. Qe2 c4 20. Nxb5 Bxd5 21.
Nxd6+ Kf8 22. Ndxf7 Bxf7 23. Ba4 Bd6 24. Nxf7 Qb6 25. Bxd6+ Kg8 26. Ra8+ Kxf7
27. Qxc4+ Kg6 28. Rxh8 Qxd6 29. Qd3+ 1-0